| 000 | 00443nam a2200169Ia 4500 | ||
|---|---|---|---|
| 008 | 240729s9999 xx 000 0 und d | ||
| 022 | _a2337-8824 | ||
| 245 | 0 | _aReinwardtia | |
| 260 | _aIndonesia | ||
| 260 | _bIndonesian Institute of Sciences | ||
| 650 | _a Biology (General) | Science | ||
| 650 | _a Botany | ||
| 650 | _aScience | ||
| 856 | _uhttps://doaj.org/toc/de7ed3b901394eeba013fce40dad9d07 | ||
| 942 | _2ddc | ||
| 942 | _cDOAJEJ | ||
| 999 |
_c69408 _d69408 |
||
| 945 |
_a1 _bMadushi Gamage _c1 _dMadushi Gamage |
||